000 00556nam a2200193Ia 4500
005 20260415160337.0
008 008 250505s9999 xx 000 0 eng d
037 _aTextual
040 _aFEDL
_beng
_cFEDL
041 _aeng
_2eng
084 _a371.3 SMI
_qFEDL
100 _aSmith Frank
_968874
245 0 _aPrinciples of class teaching
260 _aLondon, UK
_bThe Macmillan and Company Limited
_c1947
300 _ax,384p.
650 _aTeaching Technique
942 _cTEXL
_h371.3 SMI
999 _c1321899
_d1321899